Oscar y el leon de Correos / (Record no. 29351)

MARC details
000 -LEADER
fixed length control field 00745cam a2200265Ia 4500
001 - CONTROL NUMBER
control field zsdlsd b1002811
003 - CONTROL NUMBER IDENTIFIER
control field OCoLC
005 - DATE AND TIME OF LATEST TRANSACTION
control field 20240309125016.0
008 - FIXED-LENGTH DATA ELEMENTS--GENERAL INFORMATION
fixed length control field 990208s1998 sp a j 000 1 spa d
020 ## - INTERNATIONAL STANDARD BOOK NUMBER
International Standard Book Number 8420789860 (pbk.) :
Terms of availability $5.99
020 ## - INTERNATIONAL STANDARD BOOK NUMBER
International Standard Book Number 9788420789866
040 ## - CATALOGING SOURCE
Original cataloging agency CS1
Transcribing agency CS1
Modifying agency OCL
-- PL#
-- JTB
041 ## - LANGUAGE CODE
Language code of text/sound track or separate title spa
092 0# - LOCALLY ASSIGNED DEWEY CALL NUMBER (OCLC)
Classification number SPA FIC/MUNOZ
100 1# - MAIN ENTRY--PERSONAL NAME
Personal name Munoz Puelles, Vicente.
245 10 - TITLE STATEMENT
Title Oscar y el leon de Correos /
Statement of responsibility, etc. Vicente Munoz Puelles ; ilustraciones de Noemi Villamuza.
250 ## - EDITION STATEMENT
Edition statement 1. ed.
260 ## - PUBLICATION, DISTRIBUTION, ETC. (IMPRINT)
Place of publication, distribution, etc. Madrid :
Name of publisher, distributor, etc. Anaya,
Date of publication, distribution, etc. 1998.
300 ## - PHYSICAL DESCRIPTION
Extent 60 p. :
Other physical details col. ill. ;
Dimensions 20 cm.
440 #0 - SERIES STATEMENT/ADDED ENTRY--TITLE
Title Sopa de libros ;
Volume/sequential designation 21.
521 1# - TARGET AUDIENCE NOTE
Target audience note 007-009.
650 #0 - SUBJECT ADDED ENTRY--TOPICAL TERM
Topical term or geographic name as entry element Fear
Form subdivision Fiction.
700 1# - ADDED ENTRY--PERSONAL NAME
Personal name Villamuza, Noemi.
942 ## - ADDED ENTRY ELEMENTS (KOHA)
Koha item type Libro/Book
Holdings
Withdrawn status Lost status Damaged status Not for loan Home library Current library Date acquired Total Checkouts Barcode Checked out Date last seen Date checked out Price effective from Koha item type
        San Juan Del Sur -- Mobile Las delicias 04/03/2024 3 33016152 14/11/2024 10/10/2024 10/10/2024 04/03/2024 Libro/Book

Powered by Koha